Biblioteca de vulgarización médica (Record no. 33928)

MARC details
000 -LEADER
campo de control de longitud fija 00502nam a2200145 i 4500
001 - NÚMERO DE CONTROL
campo de control 33928
003 - IDENTIFICADOR DE NÚMERO DE CONTROL
campo de control ES-MaACL
007 - CAMPO FIJO DE DESCRIPCIÓN FÍSICA--INFORMACIÓN GENERAL
campo de control de longitud fija t|
008 - DATOS DE LONGITUD FIJA--INFORMACIÓN GENERAL
campo de control de longitud fija 030203s1934 sp ||||1| spa d
100 1# - ENTRADA PRINCIPAL--NOMBRE DE PERSONA
Nombre de persona Blanc y Fortacín, José.
9 (RLIN) 29119
245 10 - MENCIÓN DEL TÍTULO
Título Biblioteca de vulgarización médica
Resto del título : las fracturas : lo que debe hacerse y lo que no debe hacerse por /
Mención de responsabilidad, etc. José Blanc y Fortacín.
260 ## - PUBLICACIÓN, DISTRIBUCIÓN, ETC.
Lugar de publicación, distribución, etc. Madrid :
Nombre del editor, distribuidor, etc. [s.n.,
Fecha de publicación, distribución, etc. 1934] (
Fabricante Gráficas Uguina)
300 ## - DESCRIPCIÓN FÍSICA
Extensión 111 p. ;
Dimensiones 18 cm.
852 ## - LOCALIZACIÓN
Ubicación ES-MaACL
Número de control de estantería B-9746
Sublocalización o colección R.18525
Holdings
Estatus retirado Estado de pérdida Estado de daño No para préstamo Biblioteca de origen Biblioteca actual Ubicación en estantería Fecha de adquisición Fuente de adquisición Total de préstamos Signatura topográfica completa Código de barras Visto por última vez Precio de reemplazo Tipo de ítem Koha
        Biblioteca del Ateneo de Madrid Biblioteca del Ateneo de Madrid Sala Pardo Bazán 17/01/2008     B-9746 1035347 23/02/2023 23/02/2023 Libro impreso